Everything Jim Carrey Was In Quiz Stats

 Plays Quiz not verified by Sporcle

Challenge
Share
Tweet
Embed
Score 0/53 Timer 10:00
0 Plays Today
Person(s) Answer % Correct
Ace VenturaAce Ventura: Pet Detective
90.9%
Stanley Ipkiss/The MaskThe Mask
90.9%
Lloyd ChristmasDumb & Dumber
81.8%
Charlie Baileygates/Hank EvansMe, Myself & Irene
81.8%
Bruce NolanBruce Almighty
81.8%
The Cable GuyThe Cable Guy
72.7%
Fletcher ReedeLiar, Liar
72.7%
Andy Kaufman (as Tony CliftonMan on the Moon
72.7%
GrinchHow the Grinch Stole Christmas
72.7%
Mr. PopperMr. Popper's Penguins
72.7%
Mark KendallOnce Bitten
63.6%
Ace VenturaAce Ventura: When Nature Calls
63.6%
Truman BurbankThe Truman Show
63.6%
Count OlafLemony Snicket's A Series of Unfortunate Events
63.6%
Dick HarperFun with Dick and Jane
63.6%
CarlYes Man
63.6%
Scrooge/Ghost of Christmas Past/Scrooge as a Young Boy, etc.A Christmas Carol
63.6%
Walter GetzPeggy Sue Got Married
54.5%
Riddler/Dr. Edward NygmaBatman Forever
54.5%
Joel BarishEternal Sunshine of the Spotless Mind
54.5%
Horton (voice)Horton Hears a Who!
54.5%
WiplocEarth Girls Are Easy
45.5%
Peter AppletonThe Majestic
45.5%
Walter Sparrow/FingerlingThe Number 23
45.5%
Steven RussellI Love You Phillip Morris
45.5%
Colonel Stars and StripesKick-Ass 2
45.5%
Johnny Squares (as James Carrey)The Dead Pool
27.3%
Person(s) Answer % Correct
Adult Joe WenteworthSimon Birch
27.3%
Steve GrayThe Incredible Burt Wonderstone
27.3%
RalphAll in Good Taste
18.2%
Bobby ToddCopper Mountain
18.2%
Lane BidlekoffFinders Keepers
18.2%
Lounge Entertainer (as James Carrey)Pink Cadillac
18.2%
CBC News Anchor (uncredited)Anchorman 2: The Legend Continues
18.2%
Death (uncredited)High Strung
9.1%
Charlton Hetson/Lonesome Earl/Sam ElliottCold Dead Hand with Jim Carrey
9.1%
Additional VoicesThe All-Night Show (TV Series)
0%
Host/Various PersonalitiesThe Sex and Violence Family Hour (Video)
0%
Tony MoroniIntroducing...Janet (TV Movie)
0%
Jerry Lewis ImpersonatorBuffalo Bill (TV Series)
0%
Skip TarkentonThe Duck Factory (TV Series)
0%
Brad PetersMike Hammer: Murder Takes All (TV Movie)
0%
Tim CarterDoing Time on Maple Drive (TV Movie)
0%
The Exterminator (voice, as James Carrey)The Itsy Bitsy Spider (Short)
0%
Various/Jay Leno/Captain James T. KirkIn Living Color (TV Series
0%
The DriverPecan Pie (Video Short)
0%
Count Olaf (voice)Lemony Snicket's A Series of Unfortunate Events (Video Game)
0%
Ronald ReagenPresidential Reunion (Video short)
0%
The Fingerlakes GuyThe Office (TV Series)
0%
St. NickDrunk History Christmas (Short)
0%
Dave Williams30 Rock (TV Series)
0%
Lloyd ChristmasDumb and Dumber To (filming)
0%
Ricky StanickyRicky Stanicky (pre-production)
0%

You're not logged in!

Compare scores with friends on all Sporcle quizzes.
OR
Log In

You Might Also Like...

Show Comments

Extras

Top Quizzes Today


Score Distribution

Your Account Isn't Verified!

In order to create a playlist on Sporcle, you need to verify the email address you used during registration. Go to your Sporcle Settings to finish the process.

Report this User

Report this user for behavior that violates our Community Guidelines.

Details: